|
|
|
|
| LEADER |
00000nam0a2200000 4500 |
| 001 |
239594 |
| 005 |
20231101231702.0 |
| 035 |
|
|
|a (RuTPU)RU\TPU\book\260819
|
| 090 |
|
|
|a 239594
|
| 100 |
|
|
|a 20130610d1927 k y0rusy50 ca
|
| 101 |
0 |
|
|a rus
|
| 102 |
|
|
|a RU
|
| 105 |
|
|
|a a z 001zy
|
| 200 |
1 |
|
|a Геологические исследования на восточном склоне Южного Урала в 1925 г. (Предварительный отчет)
|e [оттиск]
|f Л. С. Либрович
|
| 210 |
|
|
|a Ленинград
|c Издание Геологического комитета
|d 1927
|
| 215 |
|
|
|a С. 71-180, 1-19
|c ил.
|
| 225 |
1 |
|
|a Известия Геологического Комитета
|v Т. 46, № 2
|
| 300 |
|
|
|a Рез. на фр. яз.
|
| 317 |
|
|
|5 63413507: КР-1230
|a Поступила в НТБ в 2004 г. в составе книжного собрания профессора ТПИ К. В. Радугина.
|
| 320 |
|
|
|a Библиогр. в примеч.
|
| 423 |
|
|
|t Геологические исследования в листе 12-м ряда XXVI треверстной карты Украины. (Предварительный отчет за 1925 год)
|o [оттиск]
|f Ю. Г. Дубяга
|
| 423 |
|
|
|t Микроскопическое исследование глин, песков и бокситов Череповецкой губернии
|o [оттиск]
|f О. М. Аншелес
|
| 423 |
|
|
|t Месторождения платины в районе Бурмантово в Северном Урале
|o [оттиск]
|f Е. П. Молдаванцев
|
| 423 |
|
|
|t Геологические исследования Денежкина Камня в Северном Урале в 1925 г. (Предварительный отчет)
|o [оттиск]
|f Е. П. Молдаванцев
|
| 423 |
|
|
|t К вопросу о водоснабжении Краматорского завода
|o [оттиск]
|f Е. П. Молдаванцев
|
| 423 |
|
|
|t Часть официальная. Из ответов Геологического Комитета на запросы различных учреждений и лиц
|o [оттиск]
|
| 423 |
|
|
|t О выборе места для постройки некоторых мощных металлургических заводов. (Запрос Председателя Госплана СССР Кржижановского от 29 ноября 1926 г., № 90
|o [оттиск]
|
| 423 |
|
|
|t О запасах некоторых железорудных и каменноугольных месторождений СССР. (Отзыв Геологического комитета на запрос Госплана СССР от 29 ноября 1926 г.
|
| 423 |
|
|
|t О запасах железных руд Тельбесского района
|o [оттиск]
|f М. А. Усов, П. П. Кузнецов
|a Усов, Михаил Антонович
|
| 606 |
1 |
|
|a Геология
|2 stltpush
|3 (RuTPU)RU\TPU\subj\6095
|9 34054
|
| 610 |
1 |
|
|a Южный Урал
|
| 610 |
1 |
|
|a геологическое картирование
|
| 610 |
1 |
|
|a горные породы
|
| 610 |
1 |
|
|a отложения
|
| 610 |
1 |
|
|a орография
|
| 610 |
1 |
|
|a петрография
|
| 610 |
1 |
|
|a стратиграфия
|
| 610 |
1 |
|
|a тектоника
|
| 610 |
1 |
|
|a месторождения
|
| 610 |
1 |
|
|a золото
|
| 610 |
1 |
|
|a платина
|
| 610 |
1 |
|
|a библиотека К. В. Радугина
|
| 675 |
|
|
|a 55
|v 3
|
| 700 |
|
1 |
|a Либрович
|b Л. С.
|
| 801 |
|
1 |
|a RU
|b 63413507
|c 20130610
|
| 801 |
|
2 |
|a RU
|b 63413507
|c 20210304
|g RCR
|
| 942 |
|
|
|c BK
|